| 000 | 01076cab a2200289 4500 | ||
|---|---|---|---|
| 001 | ABS56172 | ||
| 008 | 090401t1996 xxu||||| |||| 00| 0 eng d | ||
| 035 | _a(Sirsi) u21713 | ||
| 041 | _aeng | ||
| 100 | _aScott, A. | ||
| 245 | _aStock selection: can we pick winners? | ||
| 260 | _c1996 | ||
| 350 | _a0 | ||
| 490 |
_aEstates Gazette _v(9645) 9 November 1996, 132-134(3) |
||
| 520 | _aReports on research aimed at providing for property portfolio investment rules. "Regional rents and stock selection" by Barber White, uses statistical tools to analyse regional rental performance, taking into account the strengths of localised economies to produce typical performance patterns. | ||
| 650 | _aECONOMIC DEVELOPMENT | ||
| 650 | _aINVESTMENT RULES | ||
| 650 | _aPORTFOLIO MANAGEMENT | ||
| 650 | _aPROPERTY INVESTMENT | ||
| 650 | _aRENTAL GROWTH | ||
| 650 | _aRENTAL PERFORMANCE | ||
| 650 | _aRESEARCH | ||
| 650 | _aSTOCK SELECTION | ||
| 690 | _aPROPERTY-COMMERCIAL PROPERTY-COMMERCIAL PROPERTY FINANCE AND INVESTMENT | ||
| 942 | _n0 | ||
| 948 | _c04/03/1997 | ||
| 999 |
_c14560 _d14560 |
||